|
|
|
|
| LEADER |
00000nab a2200000 a 4500 |
| 001 |
vtls000191345 |
| 003 |
SK-MaSNL |
| 005 |
20260303173122.0 |
| 008 |
160204c1984 xo 0 slo |
| 015 |
|
|
|a SNBRB19rr/mm-uuuuu
|
| 035 |
|
|
|a CL0201458
|
| 040 |
|
|
|a SNKBUCL
|b slo
|c SNKBUCL
|e AACR2
|
| 041 |
0 |
|
|a slo
|
| 044 |
|
|
|a xo
|c SK
|
| 080 |
|
|
|a 674-419
|2 1981
|
| 100 |
1 |
|
|a Koleják, Milan,
|d 1932-
|4 aut
|9 5500
|
| 245 |
1 |
0 |
|a Smery vývoja a výroby trieskových dosák pre vonkajšie použitie
|c Milan Koleják
|
| 300 |
|
|
|b Obr. 1. Tb. 6., lit. 8 zázn. v slov., češ., ruš., angl., nem.
|
| 650 |
0 |
7 |
|a dosky drevotrieskové
|2 snkbucl
|9 928502
|
| 655 |
|
7 |
|a články z novín a časopisov
|2 snkbucl
|9 267496
|
| 773 |
0 |
|
|t Drevo
|g Roč. 39, č. 7 (1984), s. 195-198
|
| 850 |
|
|
|a Slovenská národná knižnica v Martine
|a MTA001
|
| 852 |
|
|
|a SNK
|b KIS3GCP
|
| 958 |
|
|
|a NB
|
| 958 |
|
|
|a RK
|
| 992 |
|
|
|a RBX
|
| 999 |
|
|
|c 2091096
|d 2093026
|